NRJ Music Awards 2004 - Les gagnants - Statistiques

Statistiques générales
  • Ce quiz a été pris 3 fois
  • Le résultat moyen est 2 sur 13
Statistiques - réponses
Hint Réponse % Correct
Artiste féminine francophone Jenifer
100%
Groupe/duo francophone Kyo
33%
Révélation francophone Nolwenn Leroy
33%
Artiste masculin francophone Calogero
0%
Artiste féminine internationale Dido
0%
Révélation internationale Evanescence
0%
Artiste masculin international Justin Timberlake
0%
Site internet Kyo
0%
Album francophone Le chemin (Kyo)
0%
Chanson francophone Le Chemin (Kyo / Sita)
0%
Album international Life for Rent (Dido)
0%
Groupe/duo international Linkin Park
0%
Chanson internationale Sorry Seems to be the Hardest World (Blue / Elton John)
0%
Aucun quiz correspondant
Distribution des résultats
% des personnes avec chaque résultat
Percentile par nombre de réponses
Votre historique - résultats
Vous n’avez pas pris ce quiz